[Event "CP-2014-P-00009"]
[Site "LSS email"]
[Date "2014.09.30"]
[Round "?"]
[White "Orlov, Vladimir Borisovich"]
[Black "Wilk, Zdenek"]
[Result "1/2-1/2"]
[WhiteElo "2102"]
[BlackElo "1837"]
[PlyCount "67"]
[EventDate "2014.10.01"]
[EventType "tourn (corr)"]
[EventRounds "6"]
[EventCountry "GER"]
[SourceTitle "Corr 2015"]
[Source "ChessBase"]
[SourceDate "2015.07.17"]
[SourceVersion "1"]
[SourceVersionDate "2015.07.17"]
[SourceQuality "1"]

1. e4 e5 2. Nf3 Nc6 3. Bc4 Nf6 4. Ng5 d5 5. exd5 Na5 6. Bb5+ c6 7. dxc6 bxc6 8. Be2 h6 9. Nh3 Bc5 10. d3 Qc7 11. 0-0 0-0 12. Nc3 Nb7 13. Bf3 Re8 14. Be3 Bxh3 15. gxh3 Rad8 16. Qd2 Bb6 17. Bxh6 gxh6 18. Qxh6 Re6 19. Kh1 Ng4 20. Qh4 Nh6 21. Rg1+ Kf8 22. Ne4 Nd6 23. Ng5 Rg6 24. Qh5 Ke7 25. Nh7 Ndf5 26. Rxg6 fxg6 27. Qg5+ Kf7 28. Qf6+ Kg8 29. Qxg6+ Kh8 30. Nf6 Qf7 31. Qxf7 Nxf7 32. Bg4 Kg7 33. Nh5+ Kg6 34. Ng3 1/2-1/2

[Event "CP-2014-P-00009"]
[Site "LSS email"]
[Date "2014.09.30"]
[Round "?"]
[White "Wilk, Zdenek"]
[Black "Ramponelli, Roberto"]
[Result "1/2-1/2"]
[WhiteElo "1837"]
[BlackElo "2060"]
[PlyCount "61"]
[EventDate "2014.10.01"]
[EventType "tourn (corr)"]
[EventRounds "6"]
[EventCountry "GER"]
[SourceTitle "Corr 2015"]
[Source "ChessBase"]
[SourceDate "2015.07.17"]
[SourceVersion "1"]
[SourceVersionDate "2015.07.17"]
[SourceQuality "1"]

1. e4 Nf6 2. e5 Nd5 3. d4 d6 4. c4 Nb6 5. f4 dxe5 6. fxe5 Bf5 7. Nc3 e6 8. Nf3 Bb4 9. Bd3 c5 10. Bxf5 exf5 11. 0-0 cxd4 12. Bg5 Qd7 13. e6 fxe6 14. Ne5 Qd6 15. Qh5+ g6 16. Nxg6 hxg6 17. Qxh8+ Qf8 18. Qe5 Qd6 19. Qf6 Qe7 20. Nb5 Qxf6 21. Bxf6 Nc6 22. Nc7+ Kf7 23. Nxa8 Kxf6 24. Nxb6 axb6 25. a3 Bd6 26. Rf3 e5 27. Re1 Kg5 28. Rb3 Bc5 29. Rg3+ Kf6 30. b4 Be7 31. Rf3 1/2-1/2

[Event "CP-2013-P-00031"]
[Site "LSS email"]
[Date "2013.09.30"]
[Round "?"]
[White "Mostowik, Pawel"]
[Black "Wilk, Zdenek"]
[Result "1/2-1/2"]
[WhiteElo "2023"]
[BlackElo "1940"]
[PlyCount "68"]
[EventDate "2013.10.01"]
[EventType "tourn (corr)"]
[EventRounds "6"]
[EventCountry "GER"]
[SourceTitle "Corr 2022"]
[Source "ChessBase"]
[SourceDate "2021.10.24"]
[SourceVersion "1"]
[SourceVersionDate "2021.10.24"]
[SourceQuality "1"]

1. e4 e5 2. Nf3 Nc6 3. Bb5 a6 4. Ba4 Nf6 5. 0-0 Be7 6. Re1 b5 7. Bb3 0-0 8. c3 d6 9. h3 Re8 10. Ng5 Rf8 11. d4 Bb7 12. a4 Na5 13. Bxf7+ Rxf7 14. Nxf7 Kxf7 15. axb5 axb5 16. f3 Nc4 17. Rxa8 Qxa8 18. b3 Nb6 19. Be3 Bc6 20. d5 Bd7 21. Bxb6 cxb6 22. g4 h5 23. Re2 Nh7 24. Rb2 hxg4 25. hxg4 Bg5 26. Qe2 Ke7 27. Ra2 Qf8 28. Na3 Bh4 29. Qe3 Ng5 30. Kg2 Qc8 31. Kh1 Nh3 32. Rh2 Bg5 33. Qe1 Bxg4 34. fxg4 Qxg4 1/2-1/2

[Event "CP-2013-P-00031"]
[Site "LSS email"]
[Date "2013.09.30"]
[Round "?"]
[White "Pannekoek, Willem Jan"]
[Black "Wilk, Zdenek"]
[Result "1-0"]
[WhiteElo "2387"]
[BlackElo "1940"]
[PlyCount "49"]
[EventDate "2013.10.01"]
[EventType "tourn (corr)"]
[EventRounds "6"]
[EventCountry "GER"]
[SourceTitle "Corr 2022"]
[Source "ChessBase"]
[SourceDate "2021.10.24"]
[SourceVersion "1"]
[SourceVersionDate "2021.10.24"]
[SourceQuality "1"]

1. d4 d5 2. c4 e6 3. Nc3 Nf6 4. cxd5 exd5 5. Bg5 c6 6. Qc2 Be7 7. e3 0-0 8. Bd3 h6 9. Bh4 Re8 10. Nge2 Nbd7 11. 0-0 Bd6 12. h3 Nb6 13. Rae1 Qe7 14. Qc1 Qd8 15. f3 Be6 16. e4 Be7 17. e5 Nfd7 18. Bxe7 Qxe7 19. f4 f5 20. g4 Rf8 21. Ng3 Qh4 22. Nce2 g6 23. gxf5 gxf5 24. Kh2 Qe7 25. Ng1 1-0

[Event "CP-2013-P-00031"]
[Site "LSS email"]
[Date "2013.09.30"]
[Round "?"]
[White "Wilk, Zdenek"]
[Black "Molina, Vicente Andres"]
[Result "1-0"]
[WhiteElo "1940"]
[BlackElo "788"]
[PlyCount "73"]
[EventDate "2013.10.01"]
[EventType "tourn (corr)"]
[EventRounds "6"]
[EventCountry "GER"]
[SourceTitle "Corr 2022"]
[Source "ChessBase"]
[SourceDate "2021.10.24"]
[SourceVersion "1"]
[SourceVersionDate "2021.10.24"]
[SourceQuality "1"]

1. e4 c5 2. Nf3 d6 3. d4 cxd4 4. Nxd4 Nf6 5. Nc3 a6 6. Bc4 e6 7. 0-0 b5 8. Bd3 Bb7 9. Re1 Be7 10. a4 b4 11. Na2 Nc6 12. Nxc6 Bxc6 13. Nxb4 Bb7 14. c3 Rc8 15. Nxa6 0-0 16. a5 e5 17. Qb3 Ba8 18. Nb4 d5 19. Nxd5 Nxd5 20. exd5 Bxd5 21. Qc2 g6 22. Bh6 Re8 23. Rxe5 Bf6 24. Rxe8+ Qxe8 25. a6 Ba8 26. a7 Qc6 27. f3 Bd4+ 28. cxd4 Qxc2 29. Bxc2 Rxc2 30. d5 f5 31. d6 Rc8 32. d7 Rd8 33. Rc1 Kf7 34. Rc8 Rxd7 35. Rxa8 Rb7 36. Rf8+ Ke6 37. a8Q 1-0

[Event "CP-2013-P-00031"]
[Site "LSS email"]
[Date "2013.09.30"]
[Round "?"]
[White "Zakharov, Oleg Yu"]
[Black "Wilk, Zdenek"]
[Result "1-0"]
[WhiteElo "2262"]
[BlackElo "1940"]
[PlyCount "59"]
[EventDate "2013.10.01"]
[EventType "tourn (corr)"]
[EventRounds "6"]
[EventCountry "GER"]
[SourceTitle "Corr 2022"]
[Source "ChessBase"]
[SourceDate "2021.10.24"]
[SourceVersion "1"]
[SourceVersionDate "2021.10.24"]
[SourceQuality "1"]

1. e4 e5 2. Nf3 Nc6 3. Bb5 a6 4. Ba4 Nf6 5. 0-0 Be7 6. Re1 b5 7. Bb3 0-0 8. c3 d6 9. h3 Bb7 10. d4 Re8 11. Nbd2 exd4 12. cxd4 Nd7 13. Nf1 Na5 14. Bc2 Bf6 15. Bf4 Nf8 16. Bh2 Nc4 17. a4 c5 18. b3 Na5 19. Ng3 cxd4 20. Nf5 d3 21. Bxd3 Bxa1 22. Qxa1 Ne6 23. b4 Nc6 24. Bxd6 bxa4 25. Bc2 Ne7 26. Bxe7 Rxe7 27. Nxe7+ Qxe7 28. Qxa4 Rd8 29. Bb3 Nd4 30. Nxd4 1-0

[Event "SB-2013-0-00325"]
[Site "LSS email"]
[Date "2013.09.03"]
[Round "?"]
[White "Wilk, Zdenek"]
[Black "Nicolaescu, Nicolae"]
[Result "1/2-1/2"]
[WhiteElo "1941"]
[BlackElo "1850"]
[PlyCount "41"]
[EventDate "2013.08.15"]
[EventType "tourn (corr)"]
[EventRounds "6"]
[EventCountry "GER"]
[SourceTitle "Corr 2022"]
[Source "ChessBase"]
[SourceDate "2021.10.24"]
[SourceVersion "1"]
[SourceVersionDate "2021.10.24"]
[SourceQuality "1"]

1. e4 c5 2. Nf3 d6 3. d4 cxd4 4. Nxd4 Nf6 5. Nc3 g6 6. Be3 Bg7 7. f3 0-0 8. Qd2 Nc6 9. 0-0-0 d5 10. Kb1 Nxd4 11. e5 Nf5 12. exf6 exf6 13. Bc5 d4 14. Bxf8 Qxf8 15. Nb5 Ne3 16. Rc1 Bh6 17. f4 Bxf4 18. Qxd4 Bh6 19. Nc7 Rb8 20. Qxa7 Bf5 21. Bd3 1/2-1/2

[Event "BI-2013-P-00028"]
[Site "LSS email"]
[Date "2013.04.23"]
[Round "?"]
[White "Fuzishawa, Richard Mitsuo"]
[Black "Wilk, Zdenek"]
[Result "1-0"]
[WhiteElo "2160"]
[BlackElo "1808"]
[PlyCount "61"]
[EventDate "2013.04.25"]
[EventType "tourn (corr)"]
[EventRounds "10"]
[EventCountry "GER"]
[SourceTitle "Telechess CBM 167"]
[Source "ChessBase"]
[SourceDate "2015.07.13"]
[SourceVersion "1"]
[SourceVersionDate "2015.07.13"]
[SourceQuality "1"]

1. d4 Nf6 2. c4 g6 3. Nc3 Bg7 4. e4 d6 5. f3 0-0 6. Be3 Nfd7 7. Qd2 c5 8. d5 Qa5 9. Nh3 Nb6 10. Nf2 N8d7 11. Nfd1 Na4 12. h4 Nxc3 13. Nxc3 h5 14. Bh6 Bxc3 15. bxc3 Re8 16. Be2 Qa4 17. f4 Nb6 18. 0-0 Nxc4 19. Bxc4 Qxc4 20. f5 Qxe4 21. Rf4 Qe5 22. Re1 Qf6 23. Bg5 Qh8 24. fxg6 fxg6 25. Rfe4 Bf5 26. Rxe7 Rxe7 27. Rxe7 b5 28. Qf4 Rd8 29. Re3 Rf8 30. Qxd6 c4 31. Qc5 1-0

[Event "BI-2013-P-00028"]
[Site "LSS email"]
[Date "2013.04.23"]
[Round "?"]
[White "Wilk, Zdenek"]
[Black "Jostov, Keylah"]
[Result "1-0"]
[WhiteElo "1808"]
[BlackElo "1125"]
[PlyCount "67"]
[EventDate "2013.04.25"]
[EventType "tourn (corr)"]
[EventRounds "10"]
[EventCountry "GER"]
[SourceTitle "Telechess CBM 167"]
[Source "ChessBase"]
[SourceDate "2015.07.13"]
[SourceVersion "1"]
[SourceVersionDate "2015.07.13"]
[SourceQuality "1"]

1. e4 b6 2. d4 Bb7 3. Bd3 e6 4. Nf3 c5 5. c3 Nf6 6. e5 Nd5 7. 0-0 Nc6 8. c4 Ndb4 9. Be4 Qc7 10. a3 Na6 11. d5 Nxe5 12. Bf4 Nxf3+ 13. Qxf3 e5 14. d6 Bxd6 15. Bxb7 0-0 16. Bxa8 exf4 17. Bb7 Nb8 18. Nc3 Nc6 19. Nb5 Nd4 20. Nxc7 Nxf3+ 21. Bxf3 Bxc7 22. Rad1 Rd8 23. Rfe1 Kf8 24. Bg4 d6 25. Bf3 g5 26. Rd5 f6 27. Rf5 Kf7 28. Bh5+ Kf8 29. Rxf6+ Kg8 30. Rf7 Bb8 31. Ree7 a5 32. Rg7+ Kh8 33. Bg4 d5 34. Be6 1-0

[Event "BI-2013-P-00028"]
[Site "LSS email"]
[Date "2013.04.23"]
[Round "?"]
[White "Wilk, Zdenek"]
[Black "Van Rooijen, Peter"]
[Result "1-0"]
[WhiteElo "1808"]
[BlackElo "1663"]
[PlyCount "107"]
[EventDate "2013.04.25"]
[EventType "tourn (corr)"]
[EventRounds "10"]
[EventCountry "GER"]
[SourceTitle "Telechess CBM 167"]
[Source "ChessBase"]
[SourceDate "2015.07.13"]
[SourceVersion "1"]
[SourceVersionDate "2015.07.13"]
[SourceQuality "1"]

1. e4 e6 2. d4 d5 3. Nc3 Bb4 4. e5 c5 5. a3 Bxc3+ 6. bxc3 Ne7 7. Qg4 Qc7 8. Qxg7 Rg8 9. Qxh7 cxd4 10. Ne2 Nbc6 11. f4 Bd7 12. Qd3 dxc3 13. Qxc3 Nf5 14. Ng3 d4 15. Qc5 0-0-0 16. Nxf5 exf5 17. g3 b6 18. Qd6 Qxd6 19. exd6 Be6 20. Bd3 Kb7 21. Kf2 Rxd6 22. Re1 Nb8 23. a4 Nd7 24. Ba3 Rc6 25. a5 bxa5 26. Reb1+ Rb6 27. Bb2 Nc5 28. Bxd4 Nxd3+ 29. cxd3 Rxb1 30. Rxb1+ Kc6 31. h4 Rg6 32. Rc1+ Kb5 33. Rc7 a6 34. Rb7+ Ka4 35. Bc3 Ba2 36. Rc7 Kb5 37. d4 Rc6 38. Rxc6 Kxc6 39. h5 f6 40. Bxa5 Kb5 41. h6 Bg8 42. Bd8 a5 43. Bxf6 Kc4 44. Ke3 a4 45. Be7 Kd5 46. Ba3 Kc4 47. g4 Bh7 48. g5 Bg6 49. Bc5 Bh7 50. Kd2 a3 51. Kc2 Kd5 52. Kb3 Ke4 53. Kxa3 Bg6 54. Kb4 1-0

[Event "OP-2012-0-02183"]
[Site "LSS email"]
[Date "2012.05.05"]
[Round "?"]
[White "Huseby, Juan Carlos"]
[Black "Wilk, Zdenek"]
[Result "0-1"]
[WhiteElo "580"]
[BlackElo "1651"]
[PlyCount "50"]
[EventDate "2012.05.02"]
[EventType "tourn (corr)"]
[EventRounds "4"]
[EventCountry "GER"]
[SourceTitle "Telechess CBM 153"]
[Source "ChessBase"]
[SourceDate "2013.03.14"]
[SourceVersion "1"]
[SourceVersionDate "2013.03.14"]
[SourceQuality "1"]

1. e4 e5 2. Bc4 Nf6 3. d4 exd4 4. e5 d5 5. Bb3 Ne4 6. Qxd4 Bc5 7. Qxd5 Qxd5 8. Bxd5 Nxf2 9. Nf3 Nxh1 10. Bxf7+ Kxf7 11. Ng5+ Kg6 12. e6 Bxe6 13. Bf4 Bd5 14. Nc3 Re8+ 15. Kd2 Bxg2 16. Nb5 Na6 17. a3 Rad8+ 18. Kc3 Be3 19. Bxc7 Nxc7 20. Nxc7 Rc8 21. Rd1 Rxc7+ 22. Kb3 Nf2 23. Rd6+ Kxg5 24. h4+ Kf5 25. h5 Ke5 0-1

[Event "BI-2012-P-00008"]
[Site "LSS email"]
[Date "2012.04.20"]
[Round "?"]
[White "Wilk, Zdenek"]
[Black "Batres Bianchi, Luis Carlos"]
[Result "1-0"]
[WhiteElo "1760"]
[BlackElo "1195"]
[PlyCount "61"]
[EventDate "2012.04.22"]
[EventType "tourn (corr)"]
[EventRounds "10"]
[EventCountry "GER"]
[SourceTitle "Telechess CBM 165"]
[Source "ChessBase"]
[SourceDate "2015.03.11"]
[SourceVersion "1"]
[SourceVersionDate "2015.03.11"]
[SourceQuality "1"]

1. d4 Nf6 2. Nf3 g6 3. c4 Bg7 4. Nc3 d5 5. Bg5 c6 6. e3 0-0 7. Bd3 Bg4 8. cxd5 cxd5 9. 0-0 h6 10. Bxf6 Bxf6 11. Qb3 e6 12. Qxb7 Nd7 13. Rab1 Nb6 14. Rfc1 Re8 15. Nb5 Re7 16. Rc7 Rxc7 17. Qxc7 Qxc7 18. Nxc7 Rc8 19. Nb5 a6 20. Nd6 Ra8 21. Ne5 Bf5 22. Bxf5 gxf5 23. Ndxf7 Kg7 24. b3 Rc8 25. Nd6 Rc2 26. Ne8+ Kf8 27. Nxf6 Rxa2 28. Rc1 Rb2 29. h3 Rxb3 30. Rc7 a5 31. Ng6# 1-0

[Event "BI-2012-P-00008"]
[Site "LSS email"]
[Date "2012.04.20"]
[Round "?"]
[White "Wilk, Zdenek"]
[Black "Matugin, Sergei"]
[Result "1/2-1/2"]
[WhiteElo "1760"]
[BlackElo "1998"]
[PlyCount "35"]
[EventDate "2012.04.22"]
[EventType "tourn (corr)"]
[EventRounds "10"]
[EventCountry "GER"]
[SourceTitle "Corr 2015"]
[Source "ChessBase"]
[SourceDate "2015.07.17"]
[SourceVersion "1"]
[SourceVersionDate "2015.07.17"]
[SourceQuality "1"]

1. d4 d5 2. Nf3 Nf6 3. c4 e6 4. Nc3 Be7 5. a3 0-0 6. e3 b6 7. cxd5 exd5 8. b4 Ne4 9. Qc2 Nxc3 10. Qxc3 Bf5 11. Bd3 Bxd3 12. Qxd3 Nd7 13. 0-0 a6 14. Bb2 Nf6 15. Ne5 Re8 16. Rac1 Bd6 17. Nc6 Qc8 18. Rc2 1/2-1/2

[Event "ZI-2012-0-01283"]
[Site "LSS email"]
[Date "2012.04.09"]
[Round "?"]
[White "Edwards, KEDG"]
[Black "Wilk, Zdenek"]
[Result "1-0"]
[WhiteElo "2003"]
[BlackElo "1759"]
[PlyCount "75"]
[EventDate "2012.04.02"]
[EventType "match (corr)"]
[EventRounds "2"]
[EventCountry "GER"]
[SourceTitle "Telechess CBM 153"]
[Source "ChessBase"]
[SourceDate "2013.03.14"]
[SourceVersion "1"]
[SourceVersionDate "2013.03.14"]
[SourceQuality "1"]

1. d4 Nf6 2. c4 e6 3. Nf3 d5 4. g3 dxc4 5. Bg2 Nc6 6. Qa4 Bd7 7. Qxc4 Bd6 8. 0-0 0-0 9. Nc3 h6 10. a3 a6 11. Be3 Rb8 12. Qd3 Ng4 13. Rac1 Nxe3 14. Qxe3 f5 15. Ne5 Re8 16. Rfd1 Qe7 17. f4 Rbd8 18. Qf2 Bxe5 19. dxe5 Na5 20. b4 Nc4 21. e4 Bc6 22. exf5 Bxg2 23. Rxd8 Qxd8 24. Kxg2 exf5 25. Rd1 Qa8 26. Nd5 b5 27. Qc5 Nb6 28. Kf2 Nxd5 29. Qxd5+ Qxd5 30. Rxd5 Re6 31. g4 fxg4 32. f5 Re7 33. Kg3 c6 34. Rd8+ Kf7 35. e6+ Kf6 36. Kxg4 h5+ 37. Kf4 g6 38. Rd7 1-0

[Event "OP-2012-0-02116"]
[Site "LSS email"]
[Date "2012.03.21"]
[Round "?"]
[White "Silva, Luis Henrique"]
[Black "Wilk, Zdenek"]
[Result "0-1"]
[WhiteElo "2110"]
[BlackElo "1720"]
[PlyCount "66"]
[EventDate "2012.03.17"]
[EventType "tourn (corr)"]
[EventRounds "4"]
[EventCountry "GER"]
[SourceTitle "Telechess CBM 153"]
[Source "ChessBase"]
[SourceDate "2013.03.14"]
[SourceVersion "1"]
[SourceVersionDate "2013.03.14"]
[SourceQuality "1"]

1. e4 e5 2. Nf3 Nc6 3. Bb5 a6 4. Ba4 Nf6 5. d3 Bc5 6. Bg5 0-0 7. 0-0 h6 8. Bh4 d6 9. c3 b5 10. Bc2 Bb6 11. Nbd2 Ba7 12. h3 Bd7 13. d4 exd4 14. cxd4 Nxd4 15. Nxd4 Bxd4 16. Rb1 Be6 17. Nf3 Bb6 18. b3 Bc8 19. Qd3 Re8 20. e5 dxe5 21. Rbd1 Qxd3 22. Bxd3 e4 23. Rfe1 Bb7 24. Bxf6 gxf6 25. Nh4 exd3 26. Rxe8+ Rxe8 27. Rxd3 Re2 28. Rd8+ Kg7 29. Nf5+ Kg6 30. g4 Re1+ 31. Kh2 Bxf2 32. Rg8+ Kh7 33. Rg7+ Kh8 0-1

[Event "OP-2012-0-02116"]
[Site "LSS email"]
[Date "2012.03.21"]
[Round "?"]
[White "Wilk, Zdenek"]
[Black "Crapulli, Giuseppe"]
[Result "1-0"]
[WhiteElo "1720"]
[BlackElo "1750"]
[PlyCount "85"]
[EventDate "2012.03.17"]
[EventType "tourn (corr)"]
[EventRounds "4"]
[EventCountry "GER"]
[SourceTitle "Telechess CBM 155"]
[Source "ChessBase"]
[SourceDate "2013.07.16"]
[SourceVersion "1"]
[SourceVersionDate "2013.07.16"]
[SourceQuality "1"]

1. e4 c5 2. Nf3 e6 3. d4 cxd4 4. Nxd4 a6 5. Nc3 Qc7 6. Be2 Nf6 7. 0-0 Nc6 8. Be3 Bb4 9. Nxc6 bxc6 10. Qd4 c5 11. Qc4 Bb7 12. a3 d5 13. exd5 exd5 14. Bf4 Qc8 15. Qd3 Bxc3 16. Qxc3 0-0 17. Qg3 Ne4 18. Qh4 Re8 19. Rfe1 Qc6 20. f3 Nf6 21. b3 Re6 22. Bf1 Rae8 23. Rxe6 Qxe6 24. Bd2 Qc6 25. Re1 Re6 26. Rxe6 fxe6 27. Bf4 c4 28. bxc4 Qc5+ 29. Qf2 Qxa3 30. Qb6 Qe7 31. c5 e5 32. Bg3 e4 33. c6 Bc8 34. Bf2 exf3 35. gxf3 Ne8 36. c4 Be6 37. Bg3 dxc4 38. c7 Qd7 39. Qc5 Nxc7 40. Bxc7 Qd5 41. Qxd5 Bxd5 42. Kf2 Kf7 43. f4 1-0